Sports Quiz

Random Sports Quiz

Pittsburgh Panthers in the NFL Quiz Stats

 Plays Quiz not verified by Sporcle

Challenge
Share
Tweet
Embed
Score 0/17 Timer 10:00
0 Plays Today
NFL Team Player % Correct
Arizona CardinalsLarry Fitzgerald
90.1%
Philadelphia EaglesLeSean McCoy
82.6%
San Francisco 49ersAndy Lee
54.5%
New York JetsDarrelle Revis
49.6%
Washington RedskinsHB Blades
43%
Arizona CardinalsLarod Stephens-Howling
41.3%
Carolina PanthersJeff Otah
38.8%
Indianapolis ColtsClint Session
35.5%
Miami DolphinsLousaka Polite
32.2%
NFL Team Player % Correct
Houston TexansDorin Dickerson
30.6%
San Francisco 49ersNate Byham
28.1%
Philadelphia EaglesMike McGlynn
26.4%
San Francisco 49ersScott McKillop
26.4%
Detroit LionsAaron Berry
25.6%
Arizona CardinalsGerald Hayes
20.7%
San Diego ChargersKris Wilson
19%
San Francisco 49ersShawntae Spencer
18.2%

You're not logged in!

Compare scores with friends on all Sporcle quizzes.
OR
Log In

You Might Also Like...

Show Comments

Extras

Created Sep 23, 2010SourceReportNominate
Tags:Pittsburgh Sports

Top Quizzes Today


Score Distribution

Your Account Isn't Verified!

In order to create a playlist on Sporcle, you need to verify the email address you used during registration. Go to your Sporcle Settings to finish the process.

Report this User

Report this user for behavior that violates our Community Guidelines.

Details: